Normal view
MARC view
- اذربيجان - تا ريخ
Entry Topical Term
001 - CONTROL NUMBER
- control field: 31911
003 - CONTROL NUMBER IDENTIFIER
- control field: JO-AjAnu
005 - DATE AND TIME OF LATEST TRANSACTION
- control field: 20230606075352.0
008 - FIXED-LENGTH DATA ELEMENTS
- fixed length control field: 230606|| aca||aabn | a|a d
040 ## - CATALOGING SOURCE
- Original cataloging agency: JO-AjAnu
- Transcribing agency: JO-AjAnu
150 ## - HEADING--TOPICAL TERM
- Topical term or geographic name entry element: اذربيجان - تا ريخ
670 ## - SOURCE DATA FOUND
- Source citation: Work cat.: (JO-AjAnu)16385: تاليف الحطاب، سلطان, author 31910, اذربيجان : عروس القزوين وبلاد النفط